000 00287nam a2200121Ia 4500
008 231106s2018 xx 000 0 und d
041 _aeng
082 _a743.6
100 _aHEATHER KILGOUR
245 _aTHE FIELD GUIDE TO TYPOGRAPHY
260 _bSEARCH PRESS
_c2018
300 _aP-128
999 _c920208
_d920208